Nommez ce ou cette J. C. par images - Statistiques

Statistiques générales
  • Ce quiz a été pris 594 fois
    564 depuis la dernière actualisation
  • Le résultat moyen est 11 sur 18
Statistiques - réponses
Par images Réponse % Correct
Jules César
99%
Jésus-Christ
98%
Jacques Chirac
96%
Jackie Chan
87%
Jean Castex
84%
Jérôme Commandeur
84%
Jonathan Cohen
81%
Jim Carrey
70%
John Cena
68%
Julien Courbet
68%
Jeanne Calment
62%
Jimmy Carter
46%
Jacques Cartier
38%
Jessica Chastain
28%
James Cameron
25%
James Cook
14%
Jennifer Connelly
13%
Jodie Comer
7%
Aucun quiz correspondant
Distribution des résultats
% des personnes avec chaque résultat
Percentile par nombre de réponses
Votre historique - résultats
Vous n’avez pas pris ce quiz depuis la dernière actualisation